000 00259nmm a2200097Ia 4500
008 220120s9999||||xx |||||||||||||||||und||
020 _a81-7758-154-6
100 _aKhan, M.Y and Jain, P.K
245 0 _aFinancial management, problems and cases
260 _bDelhi
999 _c140080
_d140080